000 00615nam a2200253 a 4500
001 nice12345678
003 IN_TiNIC
005 20260116013824.0
008 050524s1993 leia grp 000 0 eng
020 _a9004523
_c3231.25
082 0 0 _a296
_bCOH
100 _aCohen, Jonathan
245 _aOrigins and Evolution of the Moses Nativity Story
260 _aLeiden
_bBrill
_c1993
300 _a205p
500 _aincludes index and biblioraphy
505 2 _aIndex
650 _aJudaism
650 _aMoses
700 1 _aCohen, Jonathan
902 _bSRS
942 _cBK
999 _c12669
_d12669